| 000 | 01119nam a2200229Ii 4500 | ||
|---|---|---|---|
| 003 | JO-AjNU | ||
| 008 | 230605s9999||||xx |||||||||||||| ||und|| | ||
| 017 | _a2004/11/2745 | ||
| 020 | _a9957-16-060-5 | ||
| 040 |
_aJO-AjNU _bara _erda _cJO-AjNU |
||
| 041 | _aara | ||
| 050 | 1 | 4 | _aK4501.M33.2005 |
| 100 | 3 |
_a المحاميد ، موفق سمور , _eauthor _925050 |
|
| 245 | 0 | 0 | _aالمعاملة الضريبية للدخل غير المشروع : مدى خضوع الدخل غير المشروع لضريبة الدخل " دراسة مقارنة بين الأردن و مصر و الولايات المتحدة الأمريكية " |
| 250 | _aط1 | ||
| 264 | 3 | 1 | _aعمان : دار الثقافة ، 2004 |
| 300 |
_a286ص _bيشتمل على قائمة بالمراجع ص(267-284) |
||
| 336 |
_atext _btxt _2rdacontent |
||
| 337 |
_aunmediated _bn _2rdamedia |
||
| 338 |
_avolume _bnc _2rdacarrier |
||
| 650 | 4 |
_aضريبة الدخل -- قوانيين وأنظمة -- ضريبة الدخل -- قوانيين وأنظمة --الأردن -- مصر -- الولايات المتحدة الأميركية _925051 |
|
| 999 |
_aA9319 _c12887 _d12887 |
||